| 000 | 00000nam##2200000za#4500 |
| 001 | 9.694824 |
| 003 | CaOODSP |
| 005 | 20210624234309 |
| 007 | cr ||||||||||| |
| 008 | 150407|2002||||xxc|||||o f|0| 0 eng|d |
| 040 | |aCaOODSP|beng |
| 043 | |an-cn--- |
| 086 | 1 |aM92-245/2000E-PDF |
| 110 | 1 |aCanada.|bNatural Resources Canada. |bOffice of Energy Efficiency. |
| 245 | 10|aEnd-use energy data handbook 1990 to 2000 |h[electronic resource] |
| 260 | |aOttawa - Ontario : |bNatural Resources Canada. |cJune 2002. |
| 300 | |a120p.|breferences, tables |
| 500 | |aThe catalogue number (M92-245/2000E) and ISBN (0-662-32138-3) for the print edition have been incorrectly copied in this electronic publication. |
| 590 | |a12-29-Supp|b2012-06-25 |
| 690 | 07|aEnergy use|2gcpds |
| 856 | 40|ahttp://publications.gc.ca|qPDF|s568 KB|uhttps://publications.gc.ca/collections/collection_2011/rncan-nrcan/M92-245-2000-eng.pdf |